000 00250nam a2200097Ia 4500
001 657809
005 20250826154623.0
008 250824s9999 xx 000 0 und d
245 0 _aEfsaneler Ülkesi Çin e Yolculuk
_cGülten Dayıoğlu
260 _bALTIN
999 _c657809
_d657809